Understanding our atmospheric environment : Morris Neiburger, James G. Edinger, William D. Bonner ; [artist, Evan Gillespie].

Bibliographic Details
Main Author: Neiburger, Morris
Other Authors: Edinger, James G., Bonner, William D.
Format: Book
Language:English
Published: San Francisco : W.H. Freeman, [1982]
Edition:2nd ed.
Subjects:

MARC

Tag First Indicator Second Indicator Subfields
LEADER 00000pam a2200000 a 4500
001 in00000098603
005 20150924085847.0
008 810910s1982 caua b 00110 eng
010 |a  81015160  
020 |a 0716713489 
035 |a (OCoLC)07813873 
035 |9 AAK9708AM 
039 0 |a 2  |b 3  |c 3  |d 3  |e 3 
040 |a DLC  |c DLC  |d TXA  |d UtOrBLW 
049 |a TXAM  |c [985890] 
050 0 0 |a QC861.2  |b  N45 1982 
082 0 |a 551.5  |2 19 
100 1 |a Neiburger, Morris. 
245 1 0 |a Understanding our atmospheric environment :  |b Morris Neiburger, James G. Edinger, William D. Bonner ; [artist, Evan Gillespie]. 
250 |a 2nd ed. 
264 1 |a San Francisco :  |b W.H. Freeman,  |c [1982] 
264 4 |c ©1982 
300 |a ix, 453 pages :  |b illustrations ;  |c 24 cm. 
336 |a text  |b txt  |2 rdacontent 
337 |a unmediated  |b n  |2 rdamedia 
338 |a volume  |b nc  |2 rdacarrier 
500 |a Includes index. 
504 |a Bibliography: pages 411-416. 
650 0 |a Meteorology. 
650 0 |a Weather. 
700 1 |a Edinger, James G. 
700 1 |a Bonner, William D. 
999 |a MARS 
999 f f |s 8606b2e0-5afa-3d9a-b58b-46c4260e9bd5  |i 35f47c76-90d9-3233-bc1d-568456de2580  |t 0 
952 f f |p ric  |a Texas A&M University  |b Rellis Campus  |c Joint Library Facility  |d Remote Storage  |t 0  |e QC861.2 N45 1982  |h Library of Congress classification  |i unmediated -- volume  |m A14806030458 
998 f f |a QC861.2 N45 1982  |t 0  |l Remote Storage